|
|
|
|
| LEADER |
00968nam a2200349 4500 |
| 001 |
DLU210195988 |
| 005 |
##20210405 |
| 020 |
# |
# |
|a 9786048979508
|
| 040 |
# |
# |
|a DLU
|b vie
|
| 041 |
# |
# |
|a vie
|
| 044 |
# |
# |
|a vn
|
| 082 |
# |
# |
|a 495.782
|b CH-J
|
| 100 |
# |
# |
|a Choi Kwon Jin.
|
| 245 |
# |
# |
|a Làm chủ ngữ pháp tiếng Hàn =
|b My Korean grammar : Trình độ cao cấp.
|n t.III/
|c Choi Kwon Jin, Song Kyung-Ok; Trần Lan Hương dịch.
|
| 246 |
# |
# |
|a My Korean grammar
|
| 260 |
# |
# |
|a H. :
|b Hồng Đức,
|c 2019.
|
| 300 |
# |
# |
|a 197 tr. ;
|c 26 cm.
|
| 650 |
# |
# |
|a Tiếng Hàn Quốc
|x Ngữ pháp.
|
| 700 |
# |
# |
|a Song Kyung-Ok.
|
| 700 |
# |
# |
|a Trần Lan Hương,
|e dịch.
|
| 923 |
# |
# |
|a 03/2020
|
| 990 |
# |
# |
|a t.III
|
| 991 |
# |
# |
|a SH
|
| 992 |
# |
# |
|a 125000
|
| 994 |
# |
# |
|a DLU
|
| 900 |
# |
# |
|a True
|
| 911 |
# |
# |
|a Nguyễn Thanh Hương
|
| 925 |
# |
# |
|a G
|
| 926 |
# |
# |
|a A
|
| 927 |
# |
# |
|a SH
|
| 980 |
# |
# |
|a Thư viện Trường Đại học Đà Lạt
|